[Event "Quebec-ch Intercoll"]
[Site "Montreal"]
[Date "1991.03.30"]
[Round "3"]
[White "Bilodeau, Eric"]
[Black "Font, Albert"]
[Result "1-0"]
[WhiteElo "1742"]
[BlackElo "1641"]
[PlyCount "69"]
[EventDate "1991.03.29"]
[EventType "swiss"]
[EventRounds "6"]
[EventCountry "CAN"]
[SourceTitle "EXT 2022"]
[Source "ChessBase"]
[SourceDate "2021.10.06"]
[SourceVersion "1"]
[SourceVersionDate "2021.10.06"]
[SourceQuality "1"]

1. e4 e5 2. Nf3 Nc6 3. Bb5 a6 4. Bxc6 dxc6 5. 0-0 Qd6 6. d3 Be6 7. Ng5 0-0-0 8. f4 Nh6 9. fxe5 Qxe5 10. Bf4 Bc5+ 11. Kh1 Qxb2 12. Nxe6 fxe6 13. Nd2 Bd4 14. Nb3 Rhf8 15. Qd2 Bc3 16. Qe2 Qa3 17. Qe3 Bxa1 18. Qa7 Bc3 19. Nc5 Qxc5 20. Qxc5 Bd4 21. Qa5 e5 22. Qb4 Rxf4 23. Rxf4 exf4 24. c3 c5 25. Qc4 Be3 26. e5 Re8 27. d4 Ng4 28. Qf7 Nf2+ 29. Kg1 Rd8 30. e6 Ne4+ 31. Kf1 Nd6 32. Qxg7 cxd4 33. cxd4 Re8 34. Ke2 Kd8 35. Qd7# 1-0